000 00640nam a2200241Ia 4500
003 OSt
005 20221005070102.0
006 a|||||r|||| 00| 0
007 ta
008 221004b |||||||| |||| 00| 0 mar d
024 _a40197
037 _cTextual
040 _aCRL
_cCRL
_bmar
041 _2mar
_amar
082 _aO155,2M83,14, K1.2
100 _aVerarkar B.V.
_9605273
245 0 _aPunah gokul
260 _aMumbai
_bPopular book depo Inida
300 _a110p.
_ccm.
650 _aMARATHI LITERATURE
_938000
942 _hO155,2M83,14, K1.2
_cTEXL
_2cc
999 _c975626
_d975626